000 00795nam a2200241Ia 4500
001 18361
003 GE_BSU
008 181216s||||||||xx |||||||||||||| ||und||
040 _cGE_BSU
080 _a796(479.22)(035)
100 _aახვლედიანი,შ. ბაგრატიონი,ჯ. გუგუშვილი,ნ.
245 _aსპორტი საქართველოში
245 _bცნობარი
245 _cრედ. მ.დანელია
260 _aთბილისი
260 _bსაბჭ. საქართველო
260 _c1981
300 _a606გვ.19სმ.
541 _h34ლ.
653 _aსპორტი საქართველოში
653 _aცნობარი
942 _cBK
999 _c51377
_d51377